[Event "Tch-CRO 1stA liga 2017"]
[Site "Mali Losinj"]
[Date "2017.09.28"]
[Round "1.54"]
[White "Tica, Sven"]
[Black "Zovko, Mario"]
[Result "1/2-1/2"]
[WhiteElo "2389"]
[BlackElo "2328"]
[PlyCount "94"]
[EventDate "2017.??.??"]
[EventCountry "CRO"]

1. d4 d5 2. c4 e6 3. Nf3 Nf6 4. g3 Be7 5. Bg2 O-O 6. Qc2 c5 7. O-O cxd4 8. Nxd4
Na6 9. a3 dxc4 10. Rd1 Qc7 11. Nb5 Qb6 12. Qxc4 Bd7 13. N5c3 Rac8 14. Qf4 Bc6
15. b4 Bxg2 16. Kxg2 Qc6+ 17. e4 Nc7 18. Be3 b6 19. Ra2 Nb5 20. Nxb5 Qxb5 21.
Bd4 Rc4 22. Rad2 Qc6 23. f3 h6 24. Qe3 Rc8 25. Be5 Rc2 26. Qe2 Qa4 27. Rxc2
Rxc2 28. Rd2 Rxd2 29. Qxd2 Qb3 30. Bb2 Qc4 31. Nc3 a5 32. b5 Bc5 33. h4 Bd4 34.
Ne2 Bxb2 35. Qxb2 Nd7 36. h5 Nc5 37. Nf4 Nd3 38. Nxd3 Qxd3 39. a4 Qc4 40. Qf2
Qc7 41. Qd4 e5 42. Qd5 Kf8 43. f4 exf4 44. gxf4 Kg8 45. Kf3 Qc3+ 46. Kg4 Qe3
47. Qf5 Qg1+ 1/2-1/2

[Event "Tch-CRO 1stA liga 2017"]
[Site "Mali Losinj"]
[Date "2017.09.28"]
[Round "1.55"]
[White "Mrdja, Milan"]
[Black "Golubovic, Boris"]
[Result "1/2-1/2"]
[WhiteElo "2295"]
[BlackElo "2400"]
[PlyCount "28"]
[EventDate "2017.??.??"]
[EventCountry "CRO"]

1. e4 c5 2. Nf3 Nc6 3. d4 cxd4 4. Nxd4 g6 5. c4 Bg7 6. Be3 Nf6 7. Nc3 d6 8. Be2
O-O 9. Rc1 Nxd4 10. Bxd4 Bd7 11. O-O Bc6 12. f3 a5 13. Qd2 Nd7 14. Be3 Nc5
1/2-1/2

[Event "Tch-CRO 1stA liga 2017"]
[Site "Mali Losinj"]
[Date "2017.09.28"]
[Round "1.56"]
[White "Zelenika, Srdjan"]
[Black "Zivkovic, Nikola"]
[Result "1-0"]
[WhiteElo "2215"]
[BlackElo "2180"]
[PlyCount "99"]
[EventDate "2017.??.??"]
[EventCountry "CRO"]

1. e4 c5 2. Nf3 d6 3. d4 cxd4 4. Nxd4 Nf6 5. Nc3 a6 6. f4 e5 7. Nf3 Qc7 8. a4
b6 9. Bd3 Nbd7 10. O-O Bb7 11. Qe1 g6 12. Qh4 Bg7 13. fxe5 dxe5 14. Bh6 Bxh6
15. Qxh6 O-O-O 16. Ng5 Rdf8 17. h3 Kb8 18. Rf2 Qc5 19. Raf1 Nh5 20. Kh2 Nf4 21.
g3 f6 22. gxf4 fxg5 23. Qxg5 h6 24. Qg3 exf4 25. Rxf4 Rxf4 26. Rxf4 Ka7 27.
Qxg6 Rf8 28. Rxf8 Qxf8 29. Qg3 Qb4 30. Qc7 Qd4 31. Kg2 Nc5 32. Qg3 Ne6 33. Kf1
Ng5 34. h4 Ne6 35. Ke1 Nc5 36. a5 bxa5 37. Qf2 Qb4 38. Kd1 Kb8 39. Kc1 Ne6 40.
Qf7 Qb6 41. Bc4 Qg1+ 42. Qf1 Qe3+ 43. Kb1 Nc5 44. Bd5 Bc8 45. Qf6 Nb7 46. Qe5+
Ka7 47. Qc7 Qh3 48. e5 Qd7 49. Qc4 Qe7 50. Qxc8 1-0

[Event "Tch-CRO 1stA liga 2017"]
[Site "Mali Losinj"]
[Date "2017.09.29"]
[Round "2.11"]
[White "Saric, Ivan"]
[Black "Bosiocic, Marin"]
[Result "1/2-1/2"]
[WhiteElo "2662"]
[BlackElo "2607"]
[PlyCount "44"]
[EventDate "2017.??.??"]
[EventCountry "CRO"]

1. e4 e5 2. Nf3 Nc6 3. Bb5 Nf6 4. d3 Bc5 5. c3 O-O 6. Bxc6 bxc6 7. Nxe5 d5 8.
d4 Qe8 9. O-O Nxe4 10. Re1 Bb6 11. Nd2 c5 12. Nec4 cxd4 13. Nxb6 axb6 14. f3
dxc3 15. Nb3 Qe5 16. Qe2 Ba6 17. Qc2 c5 18. fxe4 c4 19. Qxc3 Qxc3 20. bxc3 cxb3
21. axb3 dxe4 22. Rxe4 Bd3 1/2-1/2

[Event "Tch-CRO 1stA liga 2017"]
[Site "Mali Losinj"]
[Date "2017.09.29"]
[Round "2.12"]
[White "Beliavsky, Alexander G"]
[Black "Predojevic, Borki"]
[Result "1/2-1/2"]
[WhiteElo "2547"]
[BlackElo "2614"]
[PlyCount "55"]
[EventDate "2017.??.??"]
[EventCountry "CRO"]

1. d4 e6 2. c4 d5 3. Nf3 Nf6 4. Bg5 Bb4+ 5. Nc3 dxc4 6. e4 b5 7. a4 c5 8. axb5
cxd4 9. Bxf6 Qxf6 10. Qxd4 Qxd4 11. Nxd4 Bc5 12. Nf3 Bb7 13. Bxc4 Ke7 14. Ke2
Nd7 15. Rhc1 Rhc8 16. Bd3 Bd6 17. Na4 Rxc1 18. Rxc1 Rc8 19. Rxc8 Bxc8 20. Nd4
Bb7 21. g3 Nc5 22. Nc3 g5 23. Ke3 Bc7 24. Bc2 Bb6 25. e5 Nd7 26. f4 gxf4+ 27.
gxf4 f6 28. Be4 1/2-1/2

[Event "Tch-CRO 1stA liga 2017"]
[Site "Mali Losinj"]
[Date "2017.09.29"]
[Round "2.13"]
[White "Markus, Robert"]
[Black "Nevednichy, Vladislav"]
[Result "1/2-1/2"]
[WhiteElo "2650"]
[BlackElo "2528"]
[PlyCount "63"]
[EventDate "2017.??.??"]
[EventCountry "CRO"]

1. d4 d5 2. c4 e6 3. Nf3 Nf6 4. g3 Bb4+ 5. Bd2 Be7 6. Bg2 c6 7. O-O Nbd7 8. Bc3
O-O 9. Nbd2 a5 10. a3 b6 11. b4 Ba6 12. Qb3 Qc7 13. Rfc1 Rfc8 14. e3 Qd8 15.
bxa5 bxa5 16. c5 Rcb8 17. Qc2 Qc7 18. a4 Bd8 19. Rab1 Qa7 20. Rxb8 Rxb8 21. Rb1
Bc7 22. Rxb8+ Qxb8 23. Bf1 Bxf1 24. Kxf1 h6 25. Qd3 Qb7 26. Qb1 Qa6+ 27. Kg2 g5
28. h3 Kg7 29. g4 Nf8 30. Qf1 Qb7 31. Qb1 Qa6 32. Qf1 1/2-1/2

[Event "Tch-CRO 1stA liga 2017"]
[Site "Mali Losinj"]
[Date "2017.09.29"]
[Round "2.14"]
[White "Tica, Sven"]
[Black "Kuljasevic, Davorin"]
[Result "0-1"]
[WhiteElo "2389"]
[BlackElo "2549"]
[PlyCount "36"]
[EventDate "2017.??.??"]
[EventCountry "CRO"]

1. d4 e6 2. c4 b6 3. e4 Bb7 4. Bd3 Bb4+ 5. Nc3 f5 6. Qe2 Nf6 7. Bg5 fxe4 8.
Bxf6 exd3 9. Qh5+ g6 10. Qg5 Be7 11. Bxe7 Qxe7 12. Qe5 O-O 13. f3 Nc6 14. Qxc7
Nxd4 15. Kd2 Qg5+ 16. Kxd3 Qxg2 17. Qxb7 Qc2+ 18. Kxd4 Qd2+ 0-1

[Event "Tch-CRO 1stA liga 2017"]
[Site "Mali Losinj"]
[Date "2017.09.29"]
[Round "2.15"]
[White "Jovanic, Ognjen"]
[Black "Golubovic, Boris"]
[Result "1-0"]
[WhiteElo "2490"]
[BlackElo "2400"]
[PlyCount "133"]
[EventDate "2017.??.??"]
[EventCountry "CRO"]

1. d4 e6 2. c4 Bb4+ 3. Nc3 f5 4. e3 Nf6 5. Bd3 O-O 6. Nge2 d6 7. Qc2 c5 8. a3
Ba5 9. b3 Nc6 10. O-O Bxc3 11. Qxc3 e5 12. dxc5 dxc5 13. Bb2 Qc7 14. Bc2 a5 15.
Ng3 f4 16. Ne4 Ng4 17. h3 Nh6 18. Nxc5 f3 19. Qd3 Bf5 20. Qd5+ Kh8 21. Bxf5
fxg2 22. Rfd1 Rxf5 23. Qd7 Rf7 24. Qxc7 Rxc7 25. Kxg2 Nf5 26. Ne4 h6 27. Rd5
Rf8 28. Rad1 Re7 29. Kh2 Re6 30. Rd7 b6 31. Bc3 Kh7 32. Rg1 Nce7 33. Rg4 Ng6
34. Ng3 Nxg3 35. Kxg3 Ref6 36. f4 exf4+ 37. exf4 R6f7 38. Rxf7 Rxf7 39. Bd4 a4
40. bxa4 h5 41. Rg5 h4+ 42. Kf3 Rxf4+ 43. Ke3 Rf1 44. Bxb6 Rh1 45. Kd2 Rxh3 46.
Be3 Rh2+ 47. Kc3 Re2 48. Rh5+ Kg8 49. Bc5 Re5 50. Rxe5 Nxe5 51. Bd6 Nc6 52. c5
Kf7 53. Kc4 Ke6 54. Kb5 Kd7 55. Kb6 Ne7 56. Bxe7 Kxe7 57. c6 h3 58. c7 h2 59.
c8=Q h1=Q 60. Qc5+ Kf6 61. a5 g5 62. a6 Qb1+ 63. Qb5 Qg1+ 64. Kb7 Kg7 65. a7
Qg2+ 66. Qc6 Qb2+ 67. Kc8 1-0

[Event "Tch-CRO 1stA liga 2017"]
[Site "Mali Losinj"]
[Date "2017.09.29"]
[Round "2.16"]
[White "Petrov, Jole"]
[Black "Kovacevic, Blazimir"]
[Result "1-0"]
[WhiteElo "2394"]
[BlackElo "2488"]
[PlyCount "79"]
[EventDate "2017.??.??"]
[EventCountry "CRO"]

1. Nf3 c5 2. c4 Nc6 3. Nc3 g6 4. e3 Nf6 5. d4 cxd4 6. exd4 d5 7. Bg5 Be6 8.
Bxf6 exf6 9. c5 Bg7 10. h3 O-O 11. Bb5 a6 12. Ba4 Rc8 13. O-O h5 14. a3 Bh6 15.
b4 Bf4 16. Re1 Kg7 17. b5 axb5 18. Bxb5 g5 19. Bf1 g4 20. Ne2 Bc7 21. Nh4 f5
22. g3 f4 23. Qd3 fxg3 24. fxg3 Qg5 25. hxg4 Bxg4 26. Bg2 Rce8 27. Nc3 Be6 28.
Re3 Bc8 29. Nxd5 Rxe3 30. Nxe3 f5 31. Rf1 f4 32. Nd5 Bd8 33. Nxf4 Bf6 34. Nf3
Qh6 35. d5 Ne5 36. Nxe5 Bxe5 37. Qe3 Bf6 38. d6 h4 39. gxh4 Qxh4 40. Rf3 1-0

[Event "Tch-CRO 1stA liga 2017"]
[Site "Mali Losinj"]
[Date "2017.09.29"]
[Round "2.21"]
[White "Ivanchuk, Vassily"]
[Black "Fedorchuk, Sergey A"]
[Result "1/2-1/2"]
[WhiteElo "2727"]
[BlackElo "2640"]
[PlyCount "63"]
[EventDate "2017.??.??"]
[EventCountry "CRO"]

1. d4 Nf6 2. c4 e6 3. Nf3 Bb4+ 4. Nbd2 a5 5. a3 Be7 6. e4 d5 7. Qc2 c5 8. cxd5
exd5 9. Bb5+ Bd7 10. Bxd7+ Qxd7 11. O-O O-O 12. e5 Nh5 13. Rd1 Rc8 14. Nf1 cxd4
15. Qe2 Nc6 16. Nxd4 g6 17. e6 fxe6 18. Qxe6+ Qxe6 19. Nxe6 Nd8 20. Nd4 Bf6 21.
Nf3 Ne6 22. Rxd5 Nhf4 23. Bxf4 Bxb2 24. Be5 Bxa1 25. Bxa1 Rc1 26. Bf6 Rf8 27.
Bg5 Nxg5 28. Nxg5 Re8 29. f4 Ree1 30. Rd8+ Kg7 31. Rd7+ Kg8 32. Rd8+ 1/2-1/2

[Event "Tch-CRO 1stA liga 2017"]
[Site "Mali Losinj"]
[Date "2017.09.29"]
[Round "2.22"]
[White "Georgiev, Kiril"]
[Black "Malakhov, Vladimir"]
[Result "1/2-1/2"]
[WhiteElo "2631"]
[BlackElo "2691"]
[PlyCount "24"]
[EventDate "2017.??.??"]
[EventCountry "CRO"]

1. d4 d5 2. Nf3 Nf6 3. c4 c6 4. cxd5 cxd5 5. Nc3 Nc6 6. Bf4 e6 7. e3 Be7 8. Bd3
Nh5 9. Be5 Nf6 10. Bg3 Nh5 11. Be5 Nf6 12. Bf4 Nh5 1/2-1/2

[Event "Tch-CRO 1stA liga 2017"]
[Site "Mali Losinj"]
[Date "2017.09.29"]
[Round "2.23"]
[White "Stevic, Hrvoje"]
[Black "Muse, Drazen"]
[Result "1/2-1/2"]
[WhiteElo "2616"]
[BlackElo "2356"]
[PlyCount "38"]
[EventDate "2017.??.??"]
[EventCountry "CRO"]

1. e4 d5 2. exd5 Qxd5 3. Nc3 Qd6 4. d4 Nf6 5. Nf3 a6 6. g3 Bg4 7. h3 Bh5 8. Bg2
Nc6 9. O-O O-O-O 10. Be3 e6 11. Qe2 Qb4 12. g4 Bg6 13. Rab1 Nd5 14. a3 Qa5 15.
Nxd5 exd5 16. b4 Qb5 17. Qd2 Be7 18. Rfc1 Qa4 19. Bf1 Na7 1/2-1/2

[Event "Tch-CRO 1stA liga 2017"]
[Site "Mali Losinj"]
[Date "2017.09.29"]
[Round "2.24"]
[White "Zovko, Mario"]
[Black "Kozul, Zdenko"]
[Result "0-1"]
[WhiteElo "2328"]
[BlackElo "2596"]
[PlyCount "68"]
[EventDate "2017.??.??"]
[EventCountry "CRO"]

1. e4 c5 2. Nf3 d6 3. d4 cxd4 4. Qxd4 Nc6 5. Bb5 Bd7 6. Bxc6 Bxc6 7. Nc3 e5 8.
Qd3 h6 9. Be3 Nf6 10. Nd2 Be7 11. f3 O-O 12. O-O-O Qc7 13. Kb1 Rac8 14. g4 b5
15. h4 b4 16. Nd5 Nxd5 17. exd5 Bd7 18. g5 h5 19. Ne4 g6 20. Ng3 a5 21. f4 Bg4
22. Rd2 exf4 23. Bxf4 Rfe8 24. Be3 Qc4 25. Qxc4 Rxc4 26. Rf1 Bf8 27. Bd4 Bg7
28. Bxg7 Kxg7 29. Rdf2 Re7 30. Rf6 Bh3 31. Rd1 Rxh4 32. Rxd6 Rg4 33. Nf1 Rxg5
34. Nd2 Bg2 0-1

[Event "Tch-CRO 1stA liga 2017"]
[Site "Mali Losinj"]
[Date "2017.09.29"]
[Round "2.25"]
[White "Jankovic, Alojzije"]
[Black "Mrdja, Milan"]
[Result "1-0"]
[WhiteElo "2582"]
[BlackElo "2295"]
[PlyCount "139"]
[EventDate "2017.??.??"]
[EventCountry "CRO"]

1. d4 Nf6 2. c4 e6 3. Nf3 Bb4+ 4. Bd2 a5 5. Nc3 O-O 6. Bg5 h6 7. Bh4 d5 8. e3
Nbd7 9. Bd3 dxc4 10. Bxc4 Be7 11. O-O c6 12. Bd3 c5 13. Rc1 cxd4 14. Nxd4 Nc5
15. Bb1 Qb6 16. Qc2 g6 17. Nf3 Bd7 18. Ne5 Be8 19. Rfd1 Kg7 20. Ng4 Ng8 21. Nd5
exd5 22. Bxe7 Nxe7 23. Qxc5 Qxc5 24. Rxc5 Bc6 25. Ne5 Rfc8 26. Rdc1 Be8 27. Bd3
Rxc5 28. Rxc5 Rc8 29. Rxa5 f6 30. Nf3 Rc1+ 31. Bf1 b6 32. Ra7 Bb5 33. Nd2 Kf8
34. g3 Rd1 35. Kg2 Rxd2 36. Bxb5 Rxb2 37. a4 Nf5 38. Kf3 d4 39. Rb7 dxe3 40.
fxe3 Rb3 41. Rxb6 Ke7 42. Re6+ Kf7 43. Bc4 Ra3 44. Rb6+ Ke7 45. Bb3 Nd6 46. h4
Kd7 47. g4 Ra1 48. Ra6 Rf1+ 49. Kg2 Rc1 50. Bd5 Rc5 51. Ra7+ Ke8 52. Bf3 Nc4
53. Kf2 Ne5 54. Be2 Rc2 55. Ke1 Kd8 56. a5 Ra2 57. a6 Ra1+ 58. Kf2 Ra2 59. Rh7
Kc8 60. a7 h5 61. gxh5 gxh5 62. Kg3 Nc6 63. Rh8+ Nd8 64. Bxh5 Rxa7 65. Bg4+ Kc7
66. Rh7+ Kb6 67. Rxa7 Kxa7 68. Kf4 Nf7 69. Be6 Nh6 70. e4 1-0

[Event "Tch-CRO 1stA liga 2017"]
[Site "Mali Losinj"]
[Date "2017.09.29"]
[Round "2.26"]
[White "Zivkovic, Nikola"]
[Black "Zelcic, Robert"]
[Result "0-1"]
[WhiteElo "2180"]
[BlackElo "2490"]
[PlyCount "160"]
[EventDate "2017.??.??"]
[EventCountry "CRO"]

1. e4 c6 2. d4 d5 3. exd5 cxd5 4. c4 Nf6 5. Nc3 g6 6. Qb3 Bg7 7. cxd5 O-O 8.
Be2 Nbd7 9. Bf3 Nb6 10. Nge2 a5 11. a4 Bf5 12. O-O Bd3 13. d6 Qxd6 14. Nb5 Bxb5
15. Qxb5 Nbd5 16. Rd1 h6 17. Bd2 b6 18. g3 Rac8 19. Rac1 e6 20. Rc4 Rxc4 21.
Qxc4 Qb8 22. Rc1 Rd8 23. h4 Bf8 24. Kg2 Kg7 25. Rd1 Rc8 26. Qb3 Qc7 27. Rc1 Qd7
28. Rc4 Bb4 29. Rxc8 Qxc8 30. Bc1 Qd7 31. Qc2 Ne7 32. b3 Nfd5 33. Qc4 Nf5 34.
Qd3 Be7 35. Kg1 Bf6 36. Bb2 Qd6 37. Qc4 h5 38. Be4 Nde7 39. Kf1 Qd7 40. Bf3 Nd5
41. Kg1 Qe7 42. Qd3 Qb4 43. Qd1 Nfe7 44. Kg2 b5 45. Bc1 bxa4 46. bxa4 Qc4 47.
Bd2 Nc6 48. Be1 Kg8 49. Kg1 Bxd4 50. Nxd4 Nxd4 51. Bxa5 Nxf3+ 52. Qxf3 Qxa4 53.
Bd2 Qd4 54. Qe2 e5 55. Bg5 Kg7 56. Qd2 f6 57. Qxd4 exd4 58. Bd2 Nb6 59. Kf1 d3
60. Ke1 Kf7 61. Bc3 Nc4 62. Kd1 Ke6 63. Ke1 f5 64. f3 Kd5 65. Kf2 Kc5 66. Bf6
Nb6 67. Bg5 Kc4 68. Ke1 Nd5 69. Kd2 Nc3 70. Bf6 Ne2 71. Be5 Ng1 72. Bf4 Nxf3+
73. Ke3 d2 74. Ke2 Kc3 75. Kd1 Kd3 76. Bh6 Ng1 77. Bxd2 Ke4 78. Bf4 Kf3 79. Ke1
Ne2 80. Bc7 Nxg3 0-1

[Event "Tch-CRO 1stA liga 2017"]
[Site "Mali Losinj"]
[Date "2017.09.29"]
[Round "2.31"]
[White "Romanov, Evgeny"]
[Black "Postny, Evgeny"]
[Result "1-0"]
[WhiteElo "2626"]
[BlackElo "2569"]
[PlyCount "99"]
[EventDate "2017.??.??"]
[EventCountry "CRO"]

1. d4 d5 2. Bf4 Nf6 3. Nc3 c5 4. e3 cxd4 5. exd4 a6 6. Bd3 Nc6 7. Nce2 Bg4 8.
c3 e6 9. Qb3 Na5 10. Qc2 Bh5 11. Bg5 Bg6 12. Bxg6 hxg6 13. Nf3 Be7 14. Ne5 Nc6
15. Qa4 Rc8 16. Nf4 O-O 17. Nfd3 Nd7 18. Bxe7 Qxe7 19. Nxd7 Qxd7 20. O-O Ne5
21. Qxd7 Nxd7 22. a4 a5 23. h4 Rfe8 24. Rfe1 f6 25. Re2 Kf7 26. Rae1 Rc6 27. f3
Rd6 28. Kf2 Rc8 29. g4 Rc4 30. Ra1 Rc8 31. Kg3 Rc4 32. f4 Rc7 33. Rae1 Nf8 34.
Rf1 Re7 35. h5 gxh5 36. gxh5 Nd7 37. Rfe1 f5 38. Kf3 Kg8 39. Rg1 Nf6 40. Ne5
Kh7 41. Rg6 Ng8 42. Ke3 Nh6 43. Kd3 Ng8 44. Reg2 Ra6 45. Nf3 Nf6 46. Ng5+ Kh8
47. Rh2 Ne4 48. h6 Kg8 49. Nf3 Nf6 50. hxg7 1-0

[Event "Tch-CRO 1stA liga 2017"]
[Site "Mali Losinj"]
[Date "2017.09.29"]
[Round "2.32"]
[White "Gharamian, Tigran"]
[Black "Ivanisevic, Ivan"]
[Result "1/2-1/2"]
[WhiteElo "2626"]
[BlackElo "2611"]
[PlyCount "45"]
[EventDate "2017.??.??"]
[EventCountry "CRO"]

1. e4 d6 2. d4 Nf6 3. Nc3 e5 4. Nf3 Nbd7 5. Bc4 Be7 6. a4 O-O 7. O-O c6 8. h3
h6 9. Ba2 Re8 10. Be3 Bf8 11. Re1 exd4 12. Bxd4 Nc5 13. Bxc5 dxc5 14. e5 Nh7
15. Qxd8 Rxd8 16. Rad1 Bf5 17. Re2 Ng5 18. Nxg5 hxg5 19. g4 Rxd1+ 20. Nxd1 Rd8
21. gxf5 Rxd1+ 22. Kg2 Be7 23. Bc4 1/2-1/2

[Event "Tch-CRO 1stA liga 2017"]
[Site "Mali Losinj"]
[Date "2017.09.29"]
[Round "2.33"]
[White "Lalic, Bogdan"]
[Black "Jovanovic, Zoran"]
[Result "1/2-1/2"]
[WhiteElo "2438"]
[BlackElo "2534"]
[PlyCount "31"]
[EventDate "2017.??.??"]
[EventCountry "CRO"]

1. d4 Nf6 2. c4 e6 3. Nf3 Bb4+ 4. Bd2 c5 5. Bxb4 cxb4 6. Qd3 O-O 7. Nbd2 d6 8.
e4 a5 9. Be2 b6 10. O-O Bb7 11. Ne1 e5 12. Nc2 Re8 13. Rfe1 Nbd7 14. a3 bxa3
15. Nxa3 Bc6 16. Nc2 1/2-1/2

[Event "Tch-CRO 1stA liga 2017"]
[Site "Mali Losinj"]
[Date "2017.09.29"]
[Round "2.34"]
[White "Djurovic, Goran"]
[Black "Plenkovic, Zdenko"]
[Result "1-0"]
[WhiteElo "2387"]
[BlackElo "2415"]
[PlyCount "113"]
[EventDate "2017.??.??"]
[EventCountry "CRO"]

1. g3 c5 2. Bg2 Nc6 3. Nf3 g6 4. O-O Bg7 5. c4 e5 6. Nc3 Nge7 7. a3 O-O 8. b4
d6 9. Rb1 Bf5 10. d3 Qd7 11. Nd2 Rad8 12. Nd5 b6 13. bxc5 dxc5 14. Qa4 Nd4 15.
Qd1 Nxd5 16. cxd5 Bh3 17. e4 Bxg2 18. Kxg2 f5 19. a4 fxe4 20. dxe4 Rf7 21. Bb2
Rdf8 22. Bxd4 cxd4 23. Nc4 Rf3 24. Rb3 R3f7 25. Nb2 Rc8 26. Qd2 Qc7 27. Nd3 Qc2
28. Qxc2 Rxc2 29. a5 bxa5 30. Ra1 Bh6 31. Rb2 Rfxf2+ 32. Nxf2 Rxb2 33. Kf3 Rd2
34. Rxa5 Be3 35. Ng4 Bg1 36. Rxa7 h5 37. Nf6+ Kf8 38. Nd7+ Ke8 39. g4 Rf2+ 40.
Kg3 Rf7 41. gxh5 gxh5 42. Ra1 Kxd7 43. Rxg1 Rf4 44. Re1 Kd6 45. Re2 Kc5 46.
Rc2+ Kb4 47. d6 d3 48. Rb2+ Kc3 49. d7 Rf8 50. Rb5 h4+ 51. Kg4 Kd4 52. Rd5+
Kxe4 53. d8=Q Rxd8 54. Rxd8 Ke3 55. Kxh4 e4 56. Kg4 d2 57. Kf5 1-0

[Event "Tch-CRO 1stA liga 2017"]
[Site "Mali Losinj"]
[Date "2017.09.29"]
[Round "2.35"]
[White "Sulava, Nenad"]
[Black "Bukal, Vladimir Jr"]
[Result "1-0"]
[WhiteElo "2452"]
[BlackElo "2397"]
[PlyCount "71"]
[EventDate "2017.??.??"]
[EventCountry "CRO"]

1. Nf3 e6 2. c4 f5 3. g3 Nf6 4. Bg2 d5 5. O-O Be7 6. b3 O-O 7. Bb2 a5 8. Nc3
Nc6 9. e3 Ne4 10. Ne2 a4 11. cxd5 exd5 12. bxa4 Nc5 13. Nc3 Kh8 14. Rb1 b6 15.
Ba3 Ba6 16. Bxc5 Bxc5 17. Nb5 Na5 18. d3 c6 19. Nbd4 Qf6 20. Qc2 Rab8 21. Rfc1
Ba3 22. Rd1 Be7 23. h4 h6 24. h5 c5 25. Ne2 Bd6 26. Nh4 Rfd8 27. Bh3 Bc8 28. d4
f4 29. Ng6+ Kg8 30. Nexf4 Bxh3 31. Nxh3 Nc4 32. Qe2 Re8 33. Nhf4 cxd4 34. Nxd5
Qf7 35. Qxc4 Rbc8 36. Qxd4 1-0

[Event "Tch-CRO 1stA liga 2017"]
[Site "Mali Losinj"]
[Date "2017.09.29"]
[Round "2.36"]
[White "Dutina, Dario"]
[Black "Loncar, Robert"]
[Result "0-1"]
[WhiteElo "2266"]
[BlackElo "2368"]
[PlyCount "94"]
[EventDate "2017.??.??"]
[EventCountry "CRO"]

1. e4 c5 2. Nc3 e6 3. f4 a6 4. g3 d5 5. d3 dxe4 6. Nxe4 f5 7. Nd2 Nf6 8. Bg2
Bd6 9. Nc4 O-O 10. Nf3 b5 11. Nxd6 Qxd6 12. Ne5 Ra7 13. O-O Nbd7 14. c3 Bb7 15.
Nxd7 Qxd7 16. Bxb7 Rxb7 17. Qe2 Rd8 18. Rf3 Rb6 19. Be3 Rc6 20. Rd1 Qd5 21. a3
a5 22. Rff1 Rcd6 23. h3 Qc6 24. Bf2 a4 25. Rfe1 Re8 26. Kh2 e5 27. fxe5 Rxe5
28. Qd2 Ng4+ 29. Kg1 Rh6 30. h4 Rhe6 31. d4 cxd4 32. Qxd4 h6 33. Qf4 Rxe1+ 34.
Rxe1 Rxe1+ 35. Bxe1 Qe4 36. Qxe4 fxe4 37. Bf2 g6 38. Bd4 Kf7 39. Kf1 Ke6 40.
Ke2 Kd5 41. Bg7 h5 42. Kd2 Kc4 43. Ke2 Kd5 44. Kd2 Ne5 45. Bxe5 Kxe5 46. Kc2
Kd5 47. b3 axb3+ 0-1

[Event "Tch-CRO 1stA liga 2017"]
[Site "Mali Losinj"]
[Date "2017.09.29"]
[Round "2.41"]
[White "Cheparinov, Ivan"]
[Black "Ponkratov, Pavel"]
[Result "1-0"]
[WhiteElo "2695"]
[BlackElo "2591"]
[PlyCount "169"]
[EventDate "2017.??.??"]
[EventCountry "CRO"]

1. c4 Nf6 2. Nc3 c5 3. Nf3 b6 4. e4 d6 5. d4 cxd4 6. Nxd4 Bb7 7. Qe2 Nc6 8.
Nxc6 Bxc6 9. g3 g6 10. Bg2 Bg7 11. O-O O-O 12. Bg5 Re8 13. Rfd1 Qc7 14. Rac1
Rac8 15. Nd5 Qb7 16. b3 Nxd5 17. exd5 Bd7 18. Qd2 Qc7 19. Re1 Bf6 20. Qf4 Kg7
21. Bh6+ Kg8 22. Bg5 Kg7 23. Qh4 Qd8 24. Bh6+ Kg8 25. Qf4 Qc7 26. h4 Qc5 27.
Bg5 Be5 28. Qd2 Bg4 29. b4 Qc7 30. Be3 Qd7 31. c5 bxc5 32. bxc5 dxc5 33. Bxc5
Bf6 34. Qa5 a6 35. Qxa6 Bb2 36. Rc4 Bf5 37. Re3 Bf6 38. a4 Bh3 39. Qb5 Red8 40.
Qxd7 Bxd7 41. Bb6 Rxc4 42. Bxd8 Bxa4 43. Bxe7 Bxe7 44. Rxe7 Rd4 45. Kf1 Kg7 46.
Rb7 Bd1 47. Rb2 Bg4 48. f4 Rd3 49. Kf2 f5 50. Rb7+ Kf8 51. Bf1 Rxd5 52. Rxh7
Rd4 53. Ke3 Re4+ 54. Kd2 Bf3 55. Rd7 Re7 56. Rd6 Kg7 57. Bc4 Bg4 58. Be6 Kf6
59. Bd5+ Kg7 60. Kd3 Bd1 61. Be6 Ba4 62. h5 Be8 63. Kd4 gxh5 64. Bxf5 Bf7 65.
Be4 Ra7 66. f5 Ra3 67. Ke5 Rxg3 68. Rd7 Kf8 69. Kf6 Be8 70. Rh7 Kg8 71. Re7 Bb5
72. Bd5+ Kh8 73. Rb7 Bd3 74. Rb3 h4 75. Rb8+ Kh7 76. Rb4 Rh3 77. Be6 Rh2 78.
Rg4 Be2 79. Rg7+ Kh8 80. Rg6 Kh7 81. Bg8+ Kh8 82. Bf7 Kh7 83. Rg7+ Kh8 84. Rg8+
Kh7 85. Re8 1-0

[Event "Tch-CRO 1stA liga 2017"]
[Site "Mali Losinj"]
[Date "2017.09.29"]
[Round "2.42"]
[White "Martinovic, Sasa"]
[Black "Hracek, Zbynek"]
[Result "1/2-1/2"]
[WhiteElo "2565"]
[BlackElo "2610"]
[PlyCount "64"]
[EventDate "2017.??.??"]
[EventCountry "CRO"]

1. d4 Nf6 2. c4 e6 3. Nc3 Bb4 4. Qc2 O-O 5. Nf3 c5 6. dxc5 Na6 7. g3 Nxc5 8.
Bg2 Nce4 9. O-O Nxc3 10. bxc3 Be7 11. e4 d6 12. e5 dxe5 13. Nxe5 Qc7 14. Qe2
Nd7 15. Bf4 Nxe5 16. Bxe5 Bd6 17. Rfe1 Rb8 18. Rad1 Bxe5 19. Qxe5 Qxe5 20. Rxe5
b6 21. c5 bxc5 22. Rxc5 Rb2 23. Ra5 a6 24. c4 Rc2 25. c5 f5 26. f4 Kf7 27. Bf1
Re8 28. Rd6 e5 29. Bxa6 exf4 30. Kf1 fxg3 31. hxg3 Bxa6+ 32. Rdxa6 Re5 1/2-1/2

[Event "Tch-CRO 1stA liga 2017"]
[Site "Mali Losinj"]
[Date "2017.09.29"]
[Round "2.43"]
[White "Leventic, Ivan"]
[Black "Cvitan, Ognjen"]
[Result "1/2-1/2"]
[WhiteElo "2411"]
[BlackElo "2487"]
[PlyCount "21"]
[EventDate "2017.??.??"]
[EventCountry "CRO"]

1. e4 c5 2. Nf3 d6 3. Bb5+ Bd7 4. c4 Nf6 5. Nc3 g6 6. d4 cxd4 7. Nxd4 Bg7 8.
O-O O-O 9. h3 Bxb5 10. cxb5 a6 11. Qe2 1/2-1/2

[Event "Tch-CRO 1stA liga 2017"]
[Site "Mali Losinj"]
[Date "2017.09.29"]
[Round "2.44"]
[White "Kurajica, Bojan"]
[Black "Zivkovic, Vjekoslav"]
[Result "1/2-1/2"]
[WhiteElo "2509"]
[BlackElo "2358"]
[PlyCount "88"]
[EventDate "2017.??.??"]
[EventCountry "CRO"]

1. Nf3 Nf6 2. d4 g6 3. g3 Bg7 4. Bg2 d6 5. O-O O-O 6. c4 Nc6 7. Nc3 e5 8. dxe5
dxe5 9. Be3 Be6 10. Qa4 Qc8 11. Rad1 Re8 12. c5 h6 13. b4 a6 14. Ne1 Bd7 15.
Qb3 Be6 16. Qb1 Bf5 17. Qb2 Bh3 18. Nc2 Bxg2 19. Kxg2 Qe6 20. a4 Ne7 21. Kg1
Ned5 22. Nxd5 Nxd5 23. Qb3 Rad8 24. Bc1 c6 25. e4 Nc7 26. Qxe6 Nxe6 27. a5 Rxd1
28. Rxd1 Rd8 29. Rxd8+ Nxd8 30. Ne3 f6 31. f4 Kf7 32. f5 g5 33. h4 Bf8 34. hxg5
hxg5 35. Kg2 Kg7 36. Kf3 Nf7 37. Kg4 Kh6 38. Nc4 Be7 39. Be3 Bf8 40. Nb6 Be7
41. Nc8 Bf8 42. Bf2 Kh7 43. Kh5 Kg7 44. Na7 Be7 1/2-1/2

[Event "Tch-CRO 1stA liga 2017"]
[Site "Mali Losinj"]
[Date "2017.09.29"]
[Round "2.45"]
[White "Mrkonjic, Nenad"]
[Black "Muse, Mladen"]
[Result "1/2-1/2"]
[WhiteElo "2351"]
[BlackElo "2391"]
[PlyCount "23"]
[EventDate "2017.??.??"]
[EventCountry "CRO"]

1. d4 Nf6 2. Nf3 e6 3. Bf4 b6 4. e3 Bb7 5. Be2 Be7 6. h3 O-O 7. O-O c5 8. c3
Nc6 9. Nbd2 d5 10. Ne5 Nxe5 11. Bxe5 Nd7 12. Bg3 1/2-1/2

[Event "Tch-CRO 1stA liga 2017"]
[Site "Mali Losinj"]
[Date "2017.09.29"]
[Round "2.46"]
[White "Kovacevic, Vlatko"]
[Black "Feletar, Darko"]
[Result "1-0"]
[WhiteElo "2446"]
[BlackElo "2370"]
[PlyCount "49"]
[EventDate "2017.??.??"]
[EventCountry "CRO"]

1. d4 g6 2. e4 Bg7 3. Bc4 d6 4. Nf3 Nf6 5. Qe2 d5 6. exd5 Nxd5 7. O-O c6 8. Re1
Bg4 9. Nbd2 Nd7 10. h3 Bxf3 11. Nxf3 N7f6 12. Bb3 e6 13. c4 Ne7 14. Bf4 O-O 15.
Rad1 a5 16. a3 a4 17. Ba2 Ra5 18. Qd2 Ra6 19. Ne5 Qa5 20. Qe2 Nf5 21. g4 Ne7
22. Bg5 Qc7 23. Qe3 Ra5 24. Qg3 Ra6 25. Qh4 1-0